| 000 | 00446nam a2200193Ia 4500 | ||
|---|---|---|---|
| 005 | 20250425161136.0 | ||
| 008 | 250425s9999 xx 000 0 und d | ||
| 041 | _aeng | ||
| 082 | _a550 | ||
| 100 | _aROGERS, JOHN J. W. | ||
| 245 | 0 | _aFUNDAMENTALS OF GEOLOGY | |
| 250 | _aS.E. | ||
| 260 |
_aEstados Unidos _bHARPER & ROW _c1966 |
||
| 260 | _aNEW YORK | ||
| 300 | _a424 | ||
| 700 | _aADAMS, JOHN A. S. | ||
| 942 | _c01 | ||
| 010 | _a13617 | ||
| 999 |
_c203253 _d203253 |
||